Studien zur Anthropologie des Lernens
| Contributors: | ; |
|---|---|
| Format: | Print Book |
| Language: | German |
| Subito Delivery Service: | Order now. |
| Check availability: | HBZ Gateway |
| WorldCat: | WorldCat |
| Interlibrary Loan: | Interlibrary Loan for the Fachinformationsdienste (Specialized Information Services in Germany) |
| Published: |
Essen
Neue Deutsche Schule Verlagsges.
1968
|
| In: |
Neue pädagogische Bemühungen (36)
Year: 1968 |
| Series/Journal: | Neue pädagogische Bemühungen
36 |
| Standardized Subjects / Keyword chains: | B
Learning
/ Pedagogical anthropology
|
| Further subjects: | B
Learning
B Collection of essays B Educational anthropology B Anthropology |
| Online Access: |
Table of Contents |
MARC
| LEADER | 00000cam a2200000 c 4500 | ||
|---|---|---|---|
| 001 | 1073222233 | ||
| 003 | DE-627 | ||
| 005 | 20251224215012.0 | ||
| 007 | tu | ||
| 008 | 850101s1968 gw ||||| 00| ||ger c | ||
| 016 | 7 | |a 458275174 |2 DE-101 | |
| 035 | |a (DE-627)1073222233 | ||
| 035 | |a (DE-576)003222233 | ||
| 035 | |a (DE-599)BSZ003222233 | ||
| 035 | |a (OCoLC)8912076 | ||
| 035 | |a (OCoLC)08912076 | ||
| 035 | |a (DE-604)802897560x | ||
| 040 | |a DE-627 |b ger |c DE-627 |e rakwb | ||
| 041 | |a ger | ||
| 044 | |c XA-DE | ||
| 050 | 0 | |a LB5 | |
| 082 | 0 | |a 370.193 | |
| 084 | |a 10a |2 sdnb | ||
| 084 | |a 1 |2 ssgn | ||
| 084 | |a DF 4500 |2 rvk |0 (DE-625)rvk/19547:761 | ||
| 245 | 0 | 0 | |a Studien zur Anthropologie des Lernens |c Gottfried Bräuer ... |
| 264 | 1 | |a Essen |b Neue Deutsche Schule Verlagsges. |c 1968 | |
| 300 | |a 112 S. |c 19 cm | ||
| 336 | |a Text |b txt |2 rdacontent | ||
| 337 | |a ohne Hilfsmittel zu benutzen |b n |2 rdamedia | ||
| 338 | |a Band |b nc |2 rdacarrier | ||
| 490 | 1 | |a Neue pädagogische Bemühungen |v 36 | |
| 583 | 1 | |a Archivierung/Langzeitarchivierung gewährleistet |f SSG |x XA-DE-BW |2 pdager |5 DE-21 | |
| 601 | |a Anthropologie | ||
| 650 | 0 | |a Educational anthropology | |
| 650 | 0 | 7 | |0 (DE-588)4035408-8 |0 (DE-627)106247867 |0 (DE-576)20901248X |a Lernen |2 gnd |
| 650 | 0 | 7 | |0 (DE-588)4002230-4 |0 (DE-627)10639410X |0 (DE-576)208846212 |a Anthropologie |2 gnd |
| 655 | 7 | |a Aufsatzsammlung |0 (DE-588)4143413-4 |0 (DE-627)105605727 |0 (DE-576)209726091 |2 gnd-content | |
| 689 | 0 | 0 | |d s |0 (DE-588)4035408-8 |0 (DE-627)106247867 |0 (DE-576)20901248X |2 gnd |a Lernen |
| 689 | 0 | 1 | |d s |0 (DE-588)4044308-5 |0 (DE-627)106206133 |0 (DE-576)209060212 |2 gnd |a Pädagogische Anthropologie |
| 689 | 0 | |5 (DE-627) | |
| 700 | 1 | |0 (DE-588)1253956421 |0 (DE-627)1796378585 |4 oth |a Bräuer, Gottfried |d 1941-2002 | |
| 700 | 1 | |a Giel, Klaus |4 oth | |
| 830 | 0 | |a Neue pädagogische Bemühungen |v 36 |9 36 |w (DE-627)13018022X |w (DE-576)001414062 |w (DE-600)526320-7 |x 0548-2895 |7 am | |
| 856 | 4 | 2 | |u http://d-nb.info/458275174/04 |m V:DE-605 |q application/pdf |3 Inhaltsverzeichnis |7 1 |
| 889 | |w (DE-627)196778379 | ||
| 935 | |a mteo | ||
| 935 | |i mdedup | ||
| 936 | r | v | |a DF 4500 |b Allgemeines und Deutschland |k Pädagogik |k Systematische Pädagogik |k Pädagogische Anthropologie |k Allgemeines und Deutschland |0 (DE-627)1270769421 |0 (DE-625)rvk/19547:761 |0 (DE-576)200769421 |
| 951 | |a BO | ||
| ACO | |a 1 | ||
| ELC | |b 1 | ||
| ITA | |a 1 |t 1 | ||
| LOK | |0 000 xxxxxcx a22 zn 4500 | ||
| LOK | |0 001 2024179835 | ||
| LOK | |0 003 DE-627 | ||
| LOK | |0 004 1073222233 | ||
| LOK | |0 005 20020517000000 | ||
| LOK | |0 008 981210||||||||||||||||ger||||||| | ||
| LOK | |0 040 |a DE-21 |c DE-627 |d DE-21 | ||
| LOK | |0 852 |a DE-21 | ||
| LOK | |0 852 1 |c 8 A 2842 |9 00 | ||
| LOK | |0 935 |a kram |a konv | ||
| LOK | |0 939 |a 10-12-98 |b l01 | ||
| LOK | |0 000 xxxxxcx a22 zn 4500 | ||
| LOK | |0 001 2024179851 | ||
| LOK | |0 003 DE-627 | ||
| LOK | |0 004 1073222233 | ||
| LOK | |0 005 20100408015518 | ||
| LOK | |0 008 951205||||||||||||||||ger||||||| | ||
| LOK | |0 040 |a DE-21-31 |c DE-627 |d DE-21-31 | ||
| LOK | |0 541 |e 33925 | ||
| LOK | |0 852 |a DE-21-31 | ||
| LOK | |0 852 1 |c Sg I a 71 |m p |9 00 | ||
| LOK | |0 938 |k p | ||
| LOK | |0 939 |a 05-12-95 |b l01 | ||
| LOK | |0 000 xxxxxcx a22 zn 4500 | ||
| LOK | |0 001 2024179878 | ||
| LOK | |0 003 DE-627 | ||
| LOK | |0 004 1073222233 | ||
| LOK | |0 005 20100406202244 | ||
| LOK | |0 008 050820||||||||||||||||ger||||||| | ||
| LOK | |0 040 |a DE-21-46 |c DE-627 |d DE-21-46 | ||
| LOK | |0 541 |e 13521 | ||
| LOK | |0 689 |a s |0 1311379983 |a Lernen | ||
| LOK | |0 852 |a DE-21-46 | ||
| LOK | |0 852 1 |c D 17/1968,10 |m p |9 00 | ||
| LOK | |0 935 |a k046 | ||
| LOK | |0 938 |k p | ||
| LOK | |0 939 |a 20-08-05 |b l01 | ||
| LOK | |0 000 xxxxxcx a22 zn 4500 | ||
| LOK | |0 001 2024179894 | ||
| LOK | |0 003 DE-627 | ||
| LOK | |0 004 1073222233 | ||
| LOK | |0 005 20100406234659 | ||
| LOK | |0 008 050716||||||||||||||||ger||||||| | ||
| LOK | |0 040 |a DE-21-43 |c DE-627 |d DE-21-43 | ||
| LOK | |0 541 |e ZNL2084 | ||
| LOK | |0 852 |a DE-21-43 | ||
| LOK | |0 852 1 |c Na 36 |m p |9 00 | ||
| LOK | |0 935 |a k043 | ||
| LOK | |0 938 |k p | ||
| LOK | |0 939 |a 16-07-05 |b l01 | ||
| ORI | |a SA-MARC-ixtheoa001.raw | ||
| REL | |a 1 | ||
| STA | 0 | 0 | |a Anthropology,Learning,Learning process,Pedagogical anthropology,Anthropology |
| STB | 0 | 0 | |a Anthropologie,Anthropologie de l'éducation,Apprentissage |
| STC | 0 | 0 | |a Antropología,Antropología pedagógica,Aprendizaje |
| STD | 0 | 0 | |a Antropologia,Antropologia pedagogica,Apprendimento |
| STE | 0 | 0 | |a 人类学,学习,教育人类学 |
| STF | 0 | 0 | |a 人類學,學習,教育人類學 |
| STG | 0 | 0 | |a Antropologia,Antropologia pedagógica,Aprendizagem |
| STH | 0 | 0 | |a Антропология,Педагогическая антропология,Учебный процесс |
| STI | 0 | 0 | |a Ανθρωπολογία,Μάθηση,Παιδαγωγική ανθρωπολογία |
| SUB | |a REL | ||
| SYE | 0 | 0 | |a Lernprozess,Lernvorgang , Anthropology,Anthropometrie,Menschenkunde,Menschenkunde |
| SYG | 0 | 0 | |a Lernprozess,Lernvorgang , Anthropologische Pädagogik |



